Music Quiz

Random Music or Album Quiz
Score 0/32 Timer 06:00
0 Plays Today
Album % Correct
Picture PerfectPicture Perfect
96.7%
Picture PerfectGirl like That
73.3%
Picture PerfectI Forgive You
73.3%
Bad HabitsTie Me Down
70%
Bad HabitsFall Apart
70%
Picture PerfectMindset
66.7%
Picture PerfectTell Me I'm a Wreck
66.7%
Bad HabitsOnly Place I Call Home
63.3%
Shh... Just Go With ItWhere Were You?
60%
Shh... Just Go With ItBetween You and I
60%
Bad HabitsWhatever Happened to You
60%
Bad HabitsSomeday, Somehow
60%
Picture PerfectThe Story Left Untold
56.7%
Bad HabitsI Can't Not Love You
56.7%
Picture PerfectHappy the Hard Way
53.3%
Picture PerfectSaying Goodbye
53.3%
Album % Correct
Picture PerfectClumsy Little Heart
53.3%
Picture PerfectFor Always, Forever
50%
Shh... Just Go With ItBoys Will Be Boys
43.3%
Bad HabitsHit Me Where It Hurts the Most
43.3%
Shh... Just Go With ItTrading Heartbeats
40%
Shh... Just Go With ItFreak Out!
40%
Picture PerfectFinish What You Started
40%
Bad HabitsNo One But You
40%
Shh... Just Go With ItThis One's a Cheap Shot
33.3%
Shh... Just Go With ItThink of You Later (Empty Room)
33.3%
Bad HabitsThere Tonight
33.3%
Bad HabitsWatch the World
33.3%
Shh... Just Go With ItDays of the Old
30%
Shh... Just Go With ItA Story to Tell Your Friends
30%
Shh... Just Go With ItChasing The Night
30%
Shh... Just Go With ItTake a Step Back
23.3%
Remove Ads.
Support Sporcle.
Get the best of Sporcle when you Go Orange. This ad-free experience offers more features, more stats, and more fun while also helping to support Sporcle. Thank you for becoming a member.

You're not logged in!

Compare scores with friends on all Sporcle quizzes.
OR
Log In

Show Comments

Extras

Created Jun 26, 2012ReportNominate
Tags:Album Quiz, Song Quiz, Avenue

Top Quizzes Today


Score Distribution

Your Account Isn't Verified!

In order to create a playlist on Sporcle, you need to verify the email address you used during registration. Go to your Sporcle Settings to finish the process.

Report this User

Report this user for behavior that violates our Community Guidelines.

Details: